[Event "Agneaux St Lo (Women)"]
[Site "Agneaux"]
[Date "2003.07.15"]
[Round "7"]
[White "Rodriguez Vinuesa, Azahara"]
[Black "Tetenkina, Irina"]
[Result "0-1"]
[WhiteElo "2116"]
[BlackElo "2247"]
[PlyCount "94"]
[EventDate "2003.07.09"]
[EventType "tourn"]
[EventRounds "9"]
[EventCountry "FRA"]
[SourceTitle "CBM 095 Extra"]
[Source "ChessBase"]
[SourceDate "2003.09.04"]
[SourceVersion "1"]
[SourceVersionDate "2003.09.04"]
[SourceQuality "1"]

1. e4 e6 2. d3 d5 3. Nd2 c5 4. Ngf3 Nc6 5. g3 Nf6 6. Bg2 Qc7 7. 0-0 Be7 8. Re1 b6 9. Nf1 dxe4 10. dxe4 0-0 11. e5 Nd5 12. Ne3 Nxe3 13. Bxe3 Rd8 14. Qe2 Bb7 15. Bf4 Nd4 16. Nxd4 cxd4 17. Rac1 Bxg2 18. Kxg2 Rac8 19. h4 Qc6+ 20. Kg1 Qd5 21. a3 Rc4 22. Qd3 Rdc8 23. Red1 h6 24. h5 Qc6 25. Rd2 a6 26. b3 Bxa3 27. Ra1 Rc3 28. Qxd4 Bb2 29. Rxa6 Rxg3+ 30. Bxg3 Bxd4 31. Rxd4 Qxc2 32. Rxb6 Qe2 33. Rbd6 Rc1+ 34. Kg2 Qxh5 35. Rh4 Qe2 36. Rc4 Rxc4 37. bxc4 Qxc4 38. Rd2 Kh7 39. f4 Kg6 40. Rf2 Kf5 41. Kh3 Qc1 42. Kg2 Kg4 43. Bh2 Qc6+ 44. Kf1 Kh3 45. Ke2 Qc2+ 46. Ke3 Qxf2+ 47. Kxf2 Kxh2 0-1